000 01014nam a2200253 i 4500
001 13798
003 ES-MaACL
005 20231227062626.0
007 t|
008 980707s1960 sp ||||1| spa d
080 _a325.4(8=60)
245 0 0 _aColonización española en América /
_cprólogo, Ramón Menéndez Pidal ; colaboraciones, Juan Manzano Manzano... (et al.).
260 _aMadrid :
_bAsociación Francisco de Vitoria,
_c1960-1961.
300 _a177 p. ;
_c25 cm.
490 1 _aAnuario de la Asociación Francisco de Vitoria ;
_v13
500 _aEs el vol. XIII del Anuario de la Asociación Francisco de Vitoria, Madrid 1960-61.
651 4 _aAmérica española-
_xColonización.
_97721
700 1 _aMenéndez Pidal, Ramón,
_d1869-1968
_980315
700 1 _aManzano Manzano, Juan.
_976227
710 2 _aAsociación Francisco de Vitoria.
_91708
830 0 _aAnuario de la Asociación Francisco de Vitoria ;
_v13
_9228459
852 _aES-MaACL
_jL-21206
_bR.124832
999 _c13798
_d13798